| 000 | 00504nam a22001697a 4500 | ||
|---|---|---|---|
| 999 |
_c194943 _d194943 |
||
| 005 | 20230317170003.0 | ||
| 010 | _aENG-136097 | ||
| 020 | _c25.00 | ||
| 035 | _aEN-119629 | ||
| 037 | _bDBAD/PUB | ||
| 082 | _a270 | ||
| 245 | _aIslam and Social Ethics / | ||
| 260 |
_aNew Delhi _bMarkazi Maktaba Islami Publishers _c2008 |
||
| 270 |
_aD-307 Abul Fazi Enclave Jamia Nagar Okhla _bNew Delhi _e110025 _mmmipublishers@gmail.com |
||
| 300 |
_a72p. _c22cm(pbk) |
||
| 942 |
_2ddc _cEN _h270 _mISL |
||